000 00640nam a22002057a 4500
003 OSt
005 20260311065558.0
008 260311b |||||||| |||| 00| 0 eng d
020 _a981-06-9914-X.
040 _aDWCL Main lib
_cOC
082 _26th ed.
_aCirc. 152 P651b 2006
100 _aPinel, John P. J.
245 _aBiopsychology
_cJohn P. J. Pinel
250 _a6th ed.
260 _aSingapore :
_bPearson Education South Asia Pte Ltd.,
_cc2006.
300 _axxiv, 552 p. :
_bill. ;
_c25 cm.
504 _aIncludes bibliographical references and index.
650 _a1. Psychobiology.
942 _2ddc
_cBK-CIRC
_e6th ed.
_kCirc.
_n0
999 _c8956
_d8956